=LDR 00000nam 2200000 4500 =001 INLIS000000000053079 =990 ##$$a 21710952 =005 20180329084408 =990 ##$$a 21710951 =035 ##$$a 0010-0318000306 =990 ##$$a 21710950 =007 ta =008 180329###########################0###### =020 ##$$a 978-602-298-820-5 =082 ##$$a 530.71 =084 ##$$a 530.71 MAR f =100 #$$a Marthen Kanginan =245 1#$$a Fisika untuk SMA/MA kelas XI : $b peminatan matematika dan ilmu-ilmu alam /$c Marthen Kanginan =300 ##$$a 601 hlm : $b Ilus ; $c 25 cm =650 ##$$a Fisika-studi peengajaran =700 #$$a Supriyana S.si, M. Pd =504 ##$$a Bibliografi : hlm. 602 =336 ##$$a $2 rdacontent =337 ##$$a $2 rdamedia =338 ##$$a $2 rdacarrier =260 ##$$a Cimahi :$b Gelora aksara,$c 2016 =990 ##$$a 67026702 =990 ##$$a 67026702 =990 ##$$a 67026702 =990 ##$$a 21710950 =990 ##$$a 01201806702 =990 ##$$a 01201806703 =990 ##$$a 21710951 =990 ##$$a 01201806702 =990 ##$$a 21710950 =990 ##$$a 21710952 =990 ##$$a 21710951 =990 ##$$a 21710950